000
00292nam a22001217a 4500
008
181025b xxu||||| |||| 00| 0 eng d
041
_a
eng
080
_a
821
100
_a
23
101
_a
GJU
245
_a
The American Dictionary Of The English Language
_c
Morris.W
942
_2
udc
_c
BK
999
_c
50903
_d
50903